00895nam a2200205Ia 4500003000900000008004100009020001800050040001600068080002400084111009900108245023500207260004900442300001600491490005000507650004100557650002600598650001300624700002700637700002500664IN-BaIIA211028s9999 xx 000 0 eng d a3-923524-34-X cIIA Library a524.7-7(082.2)bESO aESO Workshop & Session on Extranuclear Activity in GalaxiescGarching, Germanyd1989 May 16-18 0aExtranuclear activity in galaxiesbproceedings of a ESO workshop & session on extranuclear activity in galaxies, held in Garching, Germany,cedited by E. J. A. Meurs and R. A. E. Fosbury  aGermanybEuropean Southern Observatoryc1989 aviii, 452p. aESO conference and workshop proceedings no.32 aAstronomy and astrophysics thesaurus aExtragalactic objects aGalaxies aFosbury, R. A. E., ed. aMeurs, E. J. A., ed.